| 000 | 01105nam a2200229 i 4500 | ||
|---|---|---|---|
| 001 | 181793 | ||
| 003 | ES-MaACL | ||
| 005 | 20230906221444.0 | ||
| 008 | 130326s1928 sp f |||| | spa d | ||
| 080 | _a904(464.2 T.):725.826.032.7 | ||
| 110 | 2 |
_aComisión de Monumentos Históricos y Artísticos de la Provincia de Toledo. _9152527 |
|
| 245 | 1 | 0 |
_aExcavaciones en Toledo _b: memoria de los trabajos efectuados en el circo romano por la Comisión de Monumentos Históricos y Artísticos de la Provincia / _cbajo la dirección de Don Manuel Castaños Montijano ... [et al.]. |
| 260 |
_aMadrid : _b[s.n.], _c1928 ( _fTipografía de Archivos) |
||
| 300 |
_a11 p., VIII lám., ; _c24 cm. |
||
| 490 | 1 |
_aJunta Superior de Excavaciones y Antigüedades ; _v96, 4, 1927 |
|
| 610 | 2 | 4 |
_aCirco romano (Toledo) _9152528 |
| 700 | 1 |
_aCastaños y Montijano, Manuel ( _d1852-1929) _936453 |
|
| 710 | 2 |
_aEspaña. _bJunta Superior de Excavaciones y Antigüedades. _9152463 |
|
| 830 | 0 |
_aJunta Superior de Excavaciones y Antigüedades ; _v96, 4, 1927 _9191570 |
|
| 852 |
_aES-MaACL _jE-3376(5) |
||
| 999 |
_c181793 _d181793 |
||